Plány rozvoje národního hospodářství zemí RVHP 1986-1990

Gespeichert in:
Bibliographische Detailangaben
1. Verfasser: Urban, Luděk
Weitere Verfasser: Lér, Ondřej
Format: Buch
Sprache:Tschechisch
Veröffentlicht: Praha Ústředí vědeckých, technických a ekonomických informací 1987
Tags: Tag hinzufügen
Keine Tags, Fügen Sie das erste Tag hinzu!

MARC

LEADER 00000nam a2200000 4500
001 c024381
005 20251204074548.1
041 0 |a cze 
044 |a CZ 
245 1 0 |a Plány rozvoje národního hospodářství zemí RVHP 1986-1990  |c Luděk Urban, Ondřej Lér 
264 1 |a Praha  |b Ústředí vědeckých, technických a ekonomických informací  |c 1987 
300 |a 159 s. 
100 1 |a Urban, Luděk 
700 1 |a Lér, Ondřej